000 00586cam a22002053a 4500
001 36891
003 PGUSA
005 20140828083815.0
008 110729s2011||||xxu|||||s|||||000 | eng d
040 _aPGUSA
_beng
042 _adc
100 1 _aConwell, Russell H.,
_d1843-1925
245 1 0 _aHealth, Healing, and Faith
_h[electronic resource] /
_cRussell H. Conwell
260 _bProject Gutenberg,
_c2011
506 _aPublic domain in the USA.
516 _aElectronic text
830 0 _aProject Gutenberg
_v36891
856 4 0 _uhttp://www.gutenberg.org/ebooks/36891
942 _cEB
999 _c266146
_d266146